Statistics for Terraria Mega Quiz

Click here to take the quiz!

General Stats

  • This quiz has been taken 234 times
    (79 since last reset)
  • The average score is 127 of 259

Answer Stats

HintAnswer% Correct
ClassesMelee
95%
ClassesRanged
95%
Event BossesDark Mage
93%
ClassesMage
93%
ClassesSummoning
93%
BarsCopper Bar
86%
OresCopper Ore
86%
FlasksFlask of Gold
83%
BarsGold Bar
83%
OresGold Ore
83%
NPCsGuide
83%
NPCsMerchant
83%
BarsPlatinum Bar
83%
OresPlatinum Ore
83%
BarsTin Bar
83%
OresTin Ore
83%
BossesEye of Cthulhu
81%
BarsIron Bar
81%
OresIron Ore
81%
Buff PotionsIronskin Potion
81%
BossesQueen Slime
81%
BiomesUnderworld
81%
BossesBrain of Cthulhu
79%
BossesKing Slime
79%
BarsLead Bar
79%
OresLead Ore
79%
NPCsPirate
79%
BarsSilver Bar
79%
OresSilver Ore
79%
BossesSkeletron
79%
BossesSkeletron Prime
79%
BossesThe Twins
79%
BarsTitanium Bar
79%
OresTitanium Ore
79%
Buff PotionsTitan Potion
79%
BarsTungsten Bar
79%
OresTungsten Ore
79%
BossesWall of Flesh
79%
NPCsArms Dealer
76%
BossesEater of Worlds
76%
BossesGolem
76%
BossesLunatic Cultist
76%
BossesMoon Lord
76%
NPCsNurse
76%
BossesPlantera
76%
BossesThe Destroyer
76%
BarsAdamantite Bar
74%
OresAdamantite Ore
74%
BarsChlorophyte Bar
74%
OresChlorophyte Ore
74%
GemsDiamond
74%
BossesDuke Fishron
74%
GemsEmerald
74%
EventsFrost Moon
74%
OresHellstone
74%
BarsHellstone Bar
74%
BarsMythril Bar
74%
OresMythril Ore
74%
EventsPumpkin Moon
74%
BossesQueen Bee
74%
NPCsSanta Claus
74%
GemsSapphire
74%
BiomesUnderground / Caverns
74%
GemsAmethyst
71%
Zenith SwordsCopper Shortsword
71%
BiomesCorruption
71%
BiomesCrimson
71%
BarsCrimtane Bar
71%
OresCrimtane Ore
71%
BarsOrichalcum Bar
71%
OresOrichalcum Ore
71%
GemsRuby
71%
EventsSolar Eclipse
71%
WoodWood
71%
BarsCobalt Bar
69%
OresCobalt Ore
69%
BiomesDesert
69%
BossesEmpress of Light
69%
BiomesOcean
69%
BarsPalladium Bar
69%
OresPalladium Ore
69%
BiomesThe Hallow
69%
GemsTopaz
69%
EventsBlood Moon
64%
BossesDeerclops
64%
BarsDemonite Bar
64%
OresDemonite Ore
64%
FlasksFlask of Party
64%
NPCsGoblin Tinkerer
64%
BarsShroomite Bar
64%
BiomesForest
62%
EventsGoblin Army
62%
BiomesJungle
62%
OresLuminite
62%
BarsLuminite Bar
62%
NPCsMechanic
62%
Zenith SwordsTerra Blade
62%
WoodBoreal Wood
60%
NPCsCyborg
60%
NPCsDemolitionist
60%
Recovery PotionsGreater Healing Potion
60%
Recovery PotionsGreater Mana Potion
60%
Event BossesIce Queen
60%
Recovery PotionsLesser Healing Potion
60%
Recovery PotionsLesser Mana Potion
60%
Recovery PotionsMana Potion
60%
Zenith SwordsNight's Edge
60%
WoodPalm Wood
60%
NPCsParty Girl
60%
EventsPirate Invasion
60%
Event BossesPumpking
60%
BiomesSpace
60%
Recovery PotionsSuper Mana Potion
60%
GemsAmber
57%
NPCsDryad
57%
Zenith SwordsMeowmere
57%
OresObsidian
57%
NPCsSteampunker
57%
NPCsWitch Doctor
57%
NPCsAngler
55%
NPCsClothier
55%
Zenith SwordsExcalibur
55%
Recovery PotionsHealing Potion
55%
Recovery PotionsSuper Healing Potion
55%
NPCsTax Collector
55%
BiomesUnderground Desert
55%
BiomesDungeon
52%
Mini-Biomes | OresMeteorite
52%
Event BossesOgre
52%
Zenith SwordsStarfury
52%
NPCsWizard
52%
NPCsGolfer
50%
EventsMartian Madness
50%
Zenith SwordsTrue Excalibur
50%
Zenith SwordsTrue Night's Edge
50%
NPCsZoologist
50%
Event BossesBetsy
48%
BarsHallowed Bar
48%
Recovery PotionsMushroom
48%
NPCsPrincess
48%
Event BossesSolar Pillar
48%
BiomesUnderground Jungle
48%
FlasksFlask of Ichor
45%
BiomesIce Biome
45%
Buff PotionsMana Regeneration Potion
45%
Event BossesNebula Pillar
45%
NPCsPainter
45%
Buff PotionsRegeneration Potion
45%
Event BossesSanta-NK1
45%
EventsSlime Rain
45%
BiomesUnderground Corruption
45%
BiomesUnderground Crimson
45%
BiomesUnderground Hallow
45%
NPCsDye Trader
43%
Event BossesEverscream
43%
Event BossesStardust Pillar
43%
NPCsStylist
43%
NPCsTravelling Merchant
43%
Zenith SwordsVolcano
43%
Event BossesVortex Pillar
43%
Zenith SwordsBlade of Grass
40%
Zenith SwordsEnchanted Sword
40%
EventsOld One's Army
40%
BarsSpectre Bar
40%
Zenith SwordsStar Wrath
40%
Event BossesFlying Dutchman
38%
Event BossesMartian Saucer
38%
Zenith SwordsMuramasa
38%
WoodRich Mahogany
38%
NPCsSkeleton Merchant
38%
NPCsTavernkeep
38%
Zenith SwordsThe Horseman's Blade
38%
WoodEbonwood
36%
BiomesGlowing Mushroom Biome
36%
Event BossesMourning Wood
36%
Buff PotionsSwiftness Potion
36%
NPCsTruffle
36%
Buff PotionsArchery Potion
33%
FlasksFlask of Poison
33%
WoodPearlwood
33%
Buff PotionsSpelunker Potion
33%
Mini-BiomesAether
31%
Zenith SwordsBlood Butcherer
31%
EventsFrost Legion
31%
Zenith SwordsLights Bane
31%
Buff PotionsMining Potion
31%
Zenith SwordsSeedler
31%
WoodShadewood
31%
Zenith SwordsBee Keeper
29%
FlasksFlask of Fire
29%
Buff PotionsInferno Potion
29%
Mini-BiomesJungle Temple
29%
Buff PotionsObsidian Skin Potion
29%
Buff PotionsWrath Potion
29%
Zenith SwordsInflux Waver
26%
BarsMeteorite Bar
26%
WoodAsh Wood
24%
Buff PotionsBuilder Potion
24%
WoodDynasty Wood
24%
Buff PotionsEndurance Potion
24%
Buff PotionsFishing Potion
24%
FlasksFlask of Venom
24%
Buff PotionsGills Potion
24%
Buff PotionsAmmo Reservation Potion
21%
Buff PotionsHeartreach Potion
21%
Buff PotionsLifeforce Potion
21%
EventsLunar Events
21%
Buff PotionsRage Potion
21%
BiomesSnow Biome
21%
EventsThe Torch God
21%
Mini-BiomesBee Hive
19%
FlasksFlask of Cursed Flames
19%
Other PotionsPotion of Return
19%
BiomesSurface
19%
Buff PotionsCrate Potion
17%
Buff PotionsFeatherfall Potion
17%
Mini-BiomesGranite Cave
17%
Buff PotionsGravitation Potion
17%
Buff PotionsHunter Potion
17%
Buff PotionsNight Owl Potion
17%
Other PotionsRecall Potion
17%
Other PotionsTeleportation Potion
17%
Buff PotionsThorns Potion
17%
Buff PotionsWater Walking Potion
17%
Other PotionsWormhole Potion
17%
Other PotionsGender Change Potion
14%
Buff PotionsLove Potion
14%
Buff PotionsShine Potion
14%
WoodSpooky Wood
14%
Recovery PotionsBottled Honey
12%
Buff PotionsDangersense Potion
12%
Mini-BiomesMarble Cave
12%
Mini-BiomesOasis
12%
Recovery PotionsRestoration Potion
12%
Buff PotionsSonar Potion
12%
BiomesUnderground Mushroom
12%
Buff PotionsFlipper Potion
10%
Mini-BiomesGraveyard
10%
Buff PotionsInvisibility Potion
10%
Other PotionsRed Potion
10%
Mini-BiomesSpider Cave
10%
Buff PotionsStink Potion
10%
Recovery PotionsStrange Brew
10%
Buff PotionsBattle Potion
7%
Buff PotionsCalming Potion
7%
FlasksFlask of Nanites
7%
Buff PotionsMagic Power Potion
7%
Mini-BiomesTown
7%
Buff PotionsWarmth Potion
7%
Recovery PotionsBottled Water
5%
Buff PotionsGreater Luck Potion
5%
Buff PotionsLesser Luck Potion
5%
Buff PotionsLuck Potion
5%
Buff PotionsSummoning Potion
5%
Buff PotionsBiome Sight Potion
2%
Recovery PotionsEggnog
2%
Mini-BiomesGlowing Moss Biome
2%
Recovery PotionsHoneyfin
2%

Score Distribution

Percentile by Number Answered

Percent of People with Each Score

Your Score History

You have not taken this quiz since the last reset